Końcowe kadry odcinków "Rancza"! - Statystyki

Ogólne statystyki
  • Ten quiz został rozwiązany 51 razy
  • Średni wynik to 82 z 130
Statystyki odpowiedzi
Odcinek % Poprawnych
2 -
100%
5 -
100%
12 -
100%
25 -
100%
26 -
100%
73 -
100%
81 -
100%
9 Kusy
83%
40 Kusy
83%
58 Kusy Lucy
83%
60 Kusy
83%
76 Kusy
83%
87 Kusy
83%
90 Kusy
83%
103 Kusy Lucy
83%
110 Kusy Kinga
83%
117 Kusy
83%
4 Lucy
79%
14 Lucy
79%
23 Lucy Fabian Duda
79%
41 Lucy
79%
44 Lucy Kusy
79%
49 Lucy
79%
50 Lucy
79%
54 Lucy
79%
59 Lucy
79%
63 Lucy
79%
70 Lucy Kusy
79%
79 Lucy
79%
80 Lucy
79%
99 Lucy Kusy
79%
102 Lucy Kusy
79%
119 Lucy Klaudia Kozioł Kusy
79%
122 Lucy Kinga Dorotka
79%
128 Lucy Kinga
79%
1 Paweł Kozioł
79%
8 Paweł Kozioł
79%
13 Paweł Kozioł Czerepach
79%
17 Paweł Kozioł
79%
18 Paweł Kozioł
79%
28 Paweł Kozioł
79%
30 Paweł Kozioł
79%
38 Paweł Kozioł
79%
48 Paweł Kozioł Czerepach
79%
67 Paweł Kozioł Halina Kozioł
79%
108 Paweł Kozioł
79%
120 Paweł Kozioł
79%
3 Piotr Kozioł
79%
6 Piotr Kozioł
79%
33 Piotr Kozioł
79%
39 Piotr Kozioł
79%
53 Piotr Kozioł
79%
57 Piotr Kozioł
79%
71 Piotr Kozioł
79%
72 Piotr Kozioł
79%
74 Piotr Kozioł
79%
77 Piotr Kozioł
79%
82 Piotr Kozioł
79%
84 Piotr Kozioł
79%
89 Piotr Kozioł
79%
91 Piotr Kozioł
79%
105 Piotr Kozioł
79%
121 Piotr Kozioł Ksiądz Robert
79%
124 Piotr Kozioł
79%
129 Piotr Kozioł
79%
10 Solejuk| Hadziuk Hadziuk
79%
15 Czerepach
71%
64 Czerepach Lodzia
71%
66 Czerepach Halina Kozioł
71%
69 Czerepach
71%
68 Solejuk Hadziuk Stach Japycz Pietrek
71%
118 Solejuk Stach Japycz
71%
96 Hadziuk Solejuk
67%
98 Hadziuk Ksiądz Robert Ksiądz Maciej Piotr Kozioł Solejuk
67%
130 Hadziuk Solejuk Stach Japycz Pietrek
67%
21 Pietrek Wezółowa Stach Japycz Michałowa Hadziukowie Solejukowie
67%
32 Pietrek Solejuk Stach Japycz
67%
78 Pietrek Hadziuk Solejuk Stach Japycz
67%
83 Pietrek Kusy Stach Japycz
67%
86 Pietrek Hadziuk Solejuk Stach Japycz
67%
104 Pietrek Hadziuk Solejuk Stach Japycz
67%
37 Lodzia Tomasz Witebski
58%
51 Lodzia
58%
106 Lodzia Lucy
58%
29 Stach Japycz Solejuk Hadziuk Pietrek
58%
45 Stach Japycz
58%
52 Stach Japycz Hadziuk Solejuk Pietrek
58%
88 Stach Japycz
58%
22 Michałowa
54%
61 Michałowa
54%
109 Michałowa
54%
125 Michałowa Ksiądz Robert Ksiądz Maciej
54%
11 Solejukowa
50%
62 Solejukowa Lucy Solejuk
50%
85 Solejukowa
50%
94 Solejukowa Marian Solejuk Pietrek Wargaczowa Jola
50%
97 Solejukowa Hadziukowa
50%
113 Solejukowa
50%
114 Solejukowa Solejuk
50%
115 Solejukowa
50%
19 Więcławski
46%
56 Więcławski
46%
75 Fabian Duda Klaudia Kozioł
42%
93 Fabian Duda
42%
111 Fabian Duda Lucy
42%
35 Klaudia Kozioł Ksiądz Robert
42%
100 Klaudia Kozioł
42%
31 Więcławska
42%
92 Dorotka
38%
101 Wezół
38%
36 Halina Kozioł
33%
55 Halina Kozioł Paweł Kozioł
33%
112 Halina Kozioł
33%
47 Ksiądz Robert Piotr Kozioł
33%
123 Ksiądz Robert
33%
7 Jan Japycz
29%
27 Jan Japycz
29%
42 Violetka Halina Kozioł Paweł Kozioł
25%
43 Violetka
25%
126 Biskup Sądecki
17%
127 Biskup Sądecki Piotr Kozioł
17%
95 Wargaczowa Solejukowa
13%
16 Goście Baru
8%
20 Policjant Stasiek
8%
24 Policjant Stasiek Violetka
8%
46 Policjant Stasiek
8%
65 Policjant Stasiek Violetka
8%
34 Uczestnicy mszy świętej
4%
116 Jezus Chrystus
0%
107 Monika Korczab
0%
Nie znaleziono quizów pasujących do podanych kryteriów
Rozkład punktacji
Procent ludzi z każdym wynikiem
Percentyl według liczby udzielonych odpowiedzi
Twoja historia wyników
Nie rozwiązałeś tego quizu